[Event "17. European Women's Championship 2016"]
[Site "Mamaia ROU"]
[Date "2016.06.06"]
[Round "10.46"]
[White "Gevorgyan, Maria"]
[Black "Hapala, Elisabeth"]
[Result "0-1"]
[WhiteElo "2257"]
[BlackElo "2227"]
[PlyCount "132"]
[EventDate "2016.05.27"]
[EventType "swiss"]
[EventRounds "11"]
[EventCountry "ROU"]
[Source "lmi"]
[SourceDate "2016.05.26"]

1. e4 c5 2. Nc3 e6 3. Nf3 Nc6 4. d4 cxd4 5. Nxd4 Qc7 6. Be3 a6 7. Qd2 Nf6 8.
O-O-O Be7 9. f3 b5 10. Nb3 Ne5 11. Qf2 Rb8 12. Qg3 O-O 13. Kb1 d6 14. h4 b4 15.
Ne2 Nc4 16. Bc1 Bd7 17. h5 Kh8 18. Nf4 Rfc8 19. Bd3 Ne5 20. Qf2 a5 21. Ba6 Rd8
22. g4 a4 23. Nd4 Qb6 24. Qe2 Ra8 25. Bb5 Bxb5 26. Nxb5 b3 27. cxb3 axb3 28. a3
Nxf3 29. Qxf3 Qxb5 30. Rh2 Qc4 31. Re1 Nd7 32. Ng6+ fxg6 33. hxg6 Nf6 34. g5
Kg8 35. gxf6 Bxf6 36. Bg5 Rf8 37. Rc1 Bxg5 38. Qf7+ Rxf7 39. gxf7+ Kxf7 40.
Rxc4 Kg6 41. Rb4 h5 42. Rxb3 h4 43. Rd3 Kh5 44. Rg2 Rd8 45. b4 Bf6 46. b5 g5
47. b6 g4 48. a4 h3 49. Ra2 Be5 50. a5 h2 51. Rd1 Rb8 52. Kc2 g3 53. Kd3 Rg8
54. Rg2 Kh4 55. a6 Kh3 56. a7 Kxg2 57. b7 h1=Q 58. Rd2+ Kf3 59. b8=Q Qf1+ 60.
Kc2 Qc4+ 61. Kb1 Rc8 62. a8=Q Qc1+ 63. Ka2 Qa1+ 64. Kb3 Qc3+ 65. Ka4 Rc4+ 66.
Kb5 Qb3+ 0-1

[Event "17. European Women's Championship 2016"]
[Site "Mamaia ROU"]
[Date "2016.06.06"]
[Round "10.47"]
[White "Movileanu, Daniela"]
[Black "Sazonova, Anastasia"]
[Result "1-0"]
[WhiteElo "2247"]
[BlackElo "2085"]
[PlyCount "125"]
[EventDate "2016.05.27"]
[EventType "swiss"]
[EventRounds "11"]
[EventCountry "ROU"]
[Source "lmi"]
[SourceDate "2016.05.26"]

1. e4 e6 2. d4 d5 3. Nd2 dxe4 4. Nxe4 Nd7 5. Nf3 Ngf6 6. Nxf6+ Nxf6 7. Bd3 c5
8. O-O Be7 9. c3 O-O 10. Qe2 Qc7 11. Re1 b6 12. Bg5 Bb7 13. Ne5 cxd4 14. cxd4
Rad8 15. Be3 Bd6 16. Rac1 Qb8 17. Bg5 Be7 18. Qe3 Qd6 19. Qh3 g6 20. Bh6 Qxd4
21. Bxf8 Rxf8 22. Bc4 Bb4 23. Rcd1 Qf4 24. g3 Qf5 25. Qxf5 gxf5 26. Re2 Rc8 27.
a3 Be7 28. Red2 Nd5 29. Bf1 Bg5 30. f4 Be7 31. Nd3 Bf6 32. Ne5 Be7 33. Bg2 Rc7
34. h3 f6 35. Nf3 Kf7 36. Re1 Bc5+ 37. Kh2 Bc8 38. b4 Bf8 39. Nd4 Nc3 40. Rc2
Nb5 41. Rec1 Rxc2 42. Rxc2 Nxd4 43. Rxc8 a5 44. Rc7+ Kg6 45. bxa5 bxa5 46. Rc4
e5 47. Ra4 Nc2 48. fxe5 fxe5 49. Rxa5 e4 50. g4 e3 51. gxf5+ Kg5 52. Bf1 Nd4
53. Kg2 e2 54. Bxe2 Nxe2 55. Kf3 Nc3 56. h4+ Kf6 57. a4 Bb4 58. Ra7 Kxf5 59.
Rb7 Bc5 60. a5 Na4 61. a6 h6 62. Rb5 Ke6 63. Rxc5 1-0

[Event "17. European Women's Championship 2016"]
[Site "Mamaia ROU"]
[Date "2016.06.06"]
[Round "10.48"]
[White "Raeva, Elitsa"]
[Black "Galunova, Tsveta"]
[Result "1-0"]
[WhiteElo "2254"]
[BlackElo "2149"]
[PlyCount "109"]
[EventDate "2016.05.27"]
[EventType "swiss"]
[EventRounds "11"]
[EventCountry "ROU"]
[Source "lmi"]
[SourceDate "2016.05.26"]

1. d4 d5 2. c4 c6 3. Nc3 Nf6 4. Nf3 dxc4 5. a4 e6 6. e3 c5 7. Bxc4 Nc6 8. O-O
cxd4 9. exd4 Be7 10. Be3 O-O 11. Qe2 Na5 12. Ba2 b6 13. Rfd1 Bb7 14. Bg5 Nd5
15. Bxe7 Nxe7 16. b4 Rc8 17. Ne4 Nac6 18. Nfg5 Nd5 19. b5 Ncb4 20. Bb1 h6 21.
h4 Nc3 22. Nxc3 Rxc3 23. Nxe6 fxe6 24. Qxe6+ Rf7 25. Bg6 Qf6 26. Bxf7+ Qxf7 27.
d5 Bxd5 28. Qxf7+ Kxf7 29. a5 Rd3 30. Rxd3 Nxd3 31. axb6 axb6 32. Ra6 Nf4 33.
f3 Ke7 34. Rxb6 Kd7 35. Ra6 Kc7 36. g3 Ne6 37. Kf2 Kb7 38. Rd6 Bb3 39. f4 g6
40. h5 gxh5 41. f5 Ng5 42. Rxh6 Nf7 43. Rxh5 Kb6 44. g4 Kxb5 45. Kg3 Kc6 46.
Kf4 Kd6 47. g5 Ke7 48. Rh3 Bc4 49. g6 Nd6 50. Ke5 Ne8 51. f6+ Nxf6 52. Rh7+ Kf8
53. Kxf6 Kg8 54. Rc7 Ba6 55. Ra7 1-0

[Event "17. European Women's Championship 2016"]
[Site "Mamaia ROU"]
[Date "2016.06.06"]
[Round "10.49"]
[White "Sucikova, Svetlana"]
[Black "Nikoladze, Sopio"]
[Result "0-1"]
[WhiteElo "2072"]
[BlackElo "2155"]
[PlyCount "92"]
[EventDate "2016.05.27"]
[EventType "swiss"]
[EventRounds "11"]
[EventCountry "ROU"]
[Source "lmi"]
[SourceDate "2016.05.26"]

1. c4 b6 2. d4 Bb7 3. Nc3 e6 4. Nf3 Nf6 5. e3 d5 6. Be2 Bd6 7. O-O Nbd7 8. Rb1
a6 9. b4 dxc4 10. Bxc4 b5 11. Bd3 Qe7 12. a3 e5 13. Nh4 g6 14. Bb2 e4 15. Be2
Nd5 16. g3 f5 17. Ng2 N7f6 18. Nxd5 Nxd5 19. Qb3 O-O 20. f3 g5 21. fxe4 fxe4
22. Bc3 c6 23. Bd2 Bc8 24. Rxf8+ Qxf8 25. Rf1 Qe8 26. Qd1 Ra7 27. Bh5 Qe6 28.
Qc2 Rc7 29. Be1 Kg7 30. Qf2 g4 31. h3 gxh3 32. Nf4 Nxf4 33. gxf4 Kf8 34. Kh1
Rg7 35. Qh4 Be7 36. f5 Qf6 37. Qxh3 Rg5 38. Bg4 h5 39. Bd1 Bxf5 40. Qh2 Bd6 41.
Qc2 Bg3 42. Bxg3 Rxg3 43. Qh2 h4 44. Rf4 Qg5 45. Rxh4 Qxe3 46. Rh8+ Kg7 0-1

[Event "17. European Women's Championship 2016"]
[Site "Mamaia ROU"]
[Date "2016.06.06"]
[Round "10.50"]
[White "Sviridova, Vlada"]
[Black "Narva, Regina"]
[Result "1/2-1/2"]
[WhiteElo "2137"]
[BlackElo "2019"]
[PlyCount "54"]
[EventDate "2016.05.27"]
[EventType "swiss"]
[EventRounds "11"]
[EventCountry "ROU"]
[Source "lmi"]
[SourceDate "2016.05.26"]

1. d4 Nf6 2. c4 e5 3. dxe5 Ne4 4. Nf3 b6 5. e3 Bb4+ 6. Nbd2 Bb7 7. Be2 Qe7 8.
a3 Bxd2+ 9. Bxd2 Nc6 10. Qc2 Nxd2 11. Qxd2 Nxe5 12. Nxe5 Qxe5 13. O-O-O O-O-O
14. f4 Qe6 15. Bd3 Rhe8 16. Rde1 d5 17. Qc2 g6 18. c5 bxc5 19. Qxc5 Qb6 20.
Qxb6 axb6 21. h4 c5 22. b3 Rd6 23. Re2 Kb8 24. Kb2 Rde6 25. Rhe1 f5 26. g3 Kc7
27. Kc2 Ra8 1/2-1/2

[Event "17. European Women's Championship 2016"]
[Site "Mamaia ROU"]
[Date "2016.06.06"]
[Round "10.51"]
[White "Cimpean, Andra"]
[Black "Cosman, Andreea-Marioara"]
[Result "0-1"]
[WhiteElo "1794"]
[BlackElo "2101"]
[PlyCount "60"]
[EventDate "2016.05.27"]
[EventType "swiss"]
[EventRounds "11"]
[EventCountry "ROU"]
[Source "lmi"]
[SourceDate "2016.05.26"]

1. e4 c5 2. Be2 d6 3. f4 g6 4. Nf3 Bg7 5. O-O Nc6 6. d3 e5 7. c3 Nge7 8. Qe1
O-O 9. Qh4 f6 10. Na3 Be6 11. Nc2 exf4 12. Qxf4 d5 13. Be3 b6 14. Rfd1 Qe8 15.
h4 Qf7 16. Nd2 f5 17. exd5 Nxd5 18. Qa4 Rac8 19. Bf3 Ne5 20. Be2 Nxe3 21. Nxe3
Bh6 22. Nec4 Nxc4 23. Nxc4 Qf6 24. Nd6 Rcd8 25. Nb5 Be3+ 26. Kf1 f4 27. Bf3
Qxh4 28. Qc2 Bg4 29. d4 Qh1+ 30. Ke2 Qxg2+ 0-1

[Event "17. European Women's Championship 2016"]
[Site "Mamaia ROU"]
[Date "2016.06.06"]
[Round "10.52"]
[White "Gitu, Paula-Alexandra"]
[Black "Motycakova, Monika"]
[Result "1-0"]
[WhiteElo "1949"]
[BlackElo "2170"]
[PlyCount "103"]
[EventDate "2016.05.27"]
[EventType "swiss"]
[EventRounds "11"]
[EventCountry "ROU"]
[Source "lmi"]
[SourceDate "2016.05.26"]

1. e4 e5 2. Nf3 Nc6 3. Nc3 Nf6 4. Bb5 Bd6 5. Bxc6 dxc6 6. d4 Qe7 7. Bg5 Bg4 8.
d5 h6 9. Bxf6 Qxf6 10. h3 Bd7 11. dxc6 Bxc6 12. O-O O-O-O 13. Nd5 Qe6 14. c4 g5
15. Nd2 h5 16. b4 Qg6 17. Qb3 f5 18. c5 Bf8 19. Nc4 Bxd5 20. exd5 e4 21. c6
Rxd5 22. Nb6+ axb6 23. cxb7+ Kxb7 24. Qxd5+ Kb8 25. Qd8+ Kb7 26. Rac1 Qg7 27.
Qd5+ Kb8 28. Qxf5 Bxb4 29. Qxe4 Bd6 30. Rc4 Qe5 31. Qxe5 Bxe5 32. Re1 Bd6 33.
Rce4 Kb7 34. Re8 Rxe8 35. Rxe8 h4 36. Rg8 Bf4 37. g3 hxg3 38. fxg3 Bxg3 39.
Rxg5 Be1 40. Kf1 Bc3 41. h4 c5 42. h5 Bf6 43. Rg6 Bd4 44. h6 b5 45. h7 c4 46.
Rg8 Kb6 47. h8=Q Bxh8 48. Rxh8 Kc5 49. Ke2 Kb4 50. Kd2 Ka3 51. Kc3 Kxa2 52. Rb8
1-0

[Event "17. European Women's Championship 2016"]
[Site "Mamaia ROU"]
[Date "2016.06.06"]
[Round "10.53"]
[White "Jap Tjoen San, Linda"]
[Black "Grigoryan, Meri"]
[Result "0-1"]
[WhiteElo "2116"]
[BlackElo "2016"]
[PlyCount "70"]
[EventDate "2016.05.27"]
[EventType "swiss"]
[EventRounds "11"]
[EventCountry "ROU"]
[Source "lmi"]
[SourceDate "2016.05.26"]

1. e4 e5 2. Nf3 Nc6 3. Bb5 a6 4. Ba4 Nf6 5. O-O b5 6. Bb3 Be7 7. Re1 O-O 8. Nc3
d6 9. Nd5 Na5 10. c3 Nxd5 11. Bxd5 c6 12. Bb3 Nxb3 13. Qxb3 Be6 14. Qd1 f5 15.
d3 fxe4 16. dxe4 Bg4 17. Re3 Kh8 18. h3 Bh5 19. g4 Bg6 20. b3 Rf4 21. Qe2 Bh4
22. Ba3 c5 23. Rd1 Qa5 24. Nxh4 Qxa3 25. Nxg6+ hxg6 26. Rxd6 Raf8 27. f3 c4 28.
Qd1 Qc5 29. Qd2 Rxf3 30. Rd8 Rxe3 31. Rxf8+ Kh7 32. Rf2 cxb3 33. Qd8 Rg3+ 34.
Kf1 Qc4+ 35. Ke1 Re3+ 0-1

[Event "17. European Women's Championship 2016"]
[Site "Mamaia ROU"]
[Date "2016.06.06"]
[Round "10.54"]
[White "Anghel, Maria"]
[Black "Coman, Emilia-Florentina"]
[Result "1-0"]
[WhiteElo "1703"]
[BlackElo "1891"]
[PlyCount "84"]
[EventDate "2016.05.27"]
[EventType "swiss"]
[EventRounds "11"]
[EventCountry "ROU"]
[Source "lmi"]
[SourceDate "2016.05.26"]

1. d4 d6 2. Nf3 Nf6 3. c4 Nbd7 4. Bf4 c6 5. Nc3 Qc7 6. e3 e5 7. dxe5 dxe5 8.
Bg3 Be7 9. Be2 O-O 10. O-O b6 11. Qc2 Bb7 12. Rfd1 Rfe8 13. a3 a6 14. b4 Bf8
15. Nd2 g6 16. Rac1 Bg7 17. Nde4 Nxe4 18. Nxe4 f5 19. Nd6 Re6 20. c5 Kf8 21.
Bc4 Re7 22. Ba2 Bf6 23. cxb6 Qxb6 24. Nxb7 Qxb7 25. Qxc6 Qxc6 26. Rxc6 a5 27.
b5 a4 28. b6 Kg7 29. Rb1 Rb8 30. b7 Nf8 31. Rcb6 Rc7 32. Bd5 Rd7 33. Bc6 Rd3
34. Ra6 Nd7 35. Rxa4 Nb6 36. Rab4 Nd5 37. Bxd5 Rxd5 38. a4 Bg5 39. f4 exf4 40.
exf4 Be7 41. Rb5 Rd7 42. Bf2 Bd6 1-0

[Event "17. European Women's Championship 2016"]
[Site "Mamaia ROU"]
[Date "2016.06.06"]
[Round "10.55"]
[White "Pancu, Aureliana-Eugenia"]
[Black "Surovtseva, Alisa"]
[Result "1-0"]
[WhiteElo "1841"]
[BlackElo "1574"]
[PlyCount "117"]
[EventDate "2016.05.27"]
[EventType "swiss"]
[EventRounds "11"]
[EventCountry "ROU"]
[Source "lmi"]
[SourceDate "2016.05.26"]

1. d4 d5 2. Nf3 Nf6 3. g3 Bf5 4. Bg2 c6 5. O-O e6 6. b3 Be7 7. Bb2 Nbd7 8. c4
h6 9. Nc3 O-O 10. Rc1 Rc8 11. Ne5 Ng4 12. e4 Ngxe5 13. exf5 Bg5 14. Rb1 exf5
15. dxe5 dxc4 16. bxc4 Be7 17. Qe2 Nc5 18. Ba3 Ne6 19. Bxe7 Qxe7 20. Rfd1 Rfe8
21. Qe3 b6 22. Bh3 Rcd8 23. Bxf5 Nc5 24. Bh3 Rxd1+ 25. Rxd1 Qxe5 26. Qxe5 Rxe5
27. Bg2 Re6 28. Kf1 Kf8 29. Ne2 Na4 30. Rd2 b5 31. cxb5 cxb5 32. Rd7 Re7 33.
Rd8+ Re8 34. Rxe8+ Kxe8 35. Bc6+ Ke7 36. Bxb5 Nb6 37. Nc3 Kd6 38. Ke2 h5 39.
Kd3 f6 40. Be8 g5 41. Bxh5 Nc8 42. Bg4 Ne7 43. Bf3 Ng6 44. Nb5+ Kc5 45. Nd4 a5
46. Kc3 Ne5 47. Be2 Ng6 48. Bd3 Ne7 49. Be4 Ng8 50. Nf5 a4 51. a3 g4 52. f3
gxf3 53. Bxf3 Kb5 54. Bd5 Kc5 55. Bxg8 Kc6 56. h4 Kd7 57. h5 Ke8 58. h6 Kf8 59.
Be6 1-0

[Event "17. European Women's Championship 2016"]
[Site "Mamaia ROU"]
[Date "2016.06.07"]
[Round "11.2"]
[White "Paehtz, Elisabeth"]
[Black "Vega Gutierrez, Sabrina"]
[Result "0-1"]
[WhiteElo "2489"]
[BlackElo "2375"]
[PlyCount "126"]
[EventDate "2016.05.27"]
[EventType "swiss"]
[EventRounds "11"]
[EventCountry "ROU"]
[Source "lmi"]
[SourceDate "2016.05.26"]

1. e4 c5 2. Nc3 Nc6 3. Bb5 Nd4 4. Bc4 a6 5. d3 e6 6. a4 Nf6 7. Bg5 h6 8. Bh4
Qb6 9. Ra2 d5 10. a5 Qc6 11. Bxf6 dxc4 12. Be5 f6 13. Bg3 cxd3 14. cxd3 e5 15.
Qh5+ Kd8 16. Nf3 Be6 17. b3 Qd7 18. h3 Bxb3 19. Rb2 Bf7 20. Qg4 Qc7 21. Nd2
Qxa5 22. Nd5 h5 23. Qd1 Bxd5 24. exd5 Qc3 25. Qb1 b5 26. O-O Ne2+ 27. Kh1 Nxg3+
28. fxg3 Qd4 29. Qa2 Rc8 30. Qa5+ Rc7 31. Nc4 Qxd5 32. Qxa6 Qc6 33. Qxb5 Qxb5
34. Rxb5 h4 35. g4 Rd7 36. g5 Rxd3 37. gxf6 gxf6 38. Rxf6 e4 39. Rf7 Ke8 40.
Ra7 Rd1+ 41. Kh2 Rh6 42. Rb8+ Rd8 43. Rxd8+ Kxd8 44. Rf7 Ke8 45. Rf4 Re6 46.
Rf2 Bh6 47. g3 Kd7 48. Kg2 Kc6 49. Rf5 hxg3 50. Kxg3 e3 51. Re5 Rxe5 52. Nxe5+
Kd5 53. Nd3 c4 54. Ne1 Ke4 55. h4 Bg7 56. h5 Bc3 57. Nf3 Kd3 58. h6 Bh8 59. Kg2
c3 60. Kf1 Bf6 61. h7 Bh8 62. Ng1 c2 63. Ne2 Kd2 0-1

[Event "17. European Women's Championship 2016"]
[Site "Mamaia ROU"]
[Date "2016.06.07"]
[Round "11.4"]
[White "Bodnaruk, Anastasia"]
[Black "Javakhishvili, Lela"]
[Result "1/2-1/2"]
[WhiteElo "2475"]
[BlackElo "2493"]
[PlyCount "81"]
[EventDate "2016.05.27"]
[EventType "swiss"]
[EventRounds "11"]
[EventCountry "ROU"]
[Source "lmi"]
[SourceDate "2016.05.26"]

1. e4 c5 2. Nf3 Nc6 3. d4 cxd4 4. Nxd4 g6 5. Nc3 Bg7 6. Be3 Nf6 7. Bc4 O-O 8.
Bb3 d5 9. exd5 Na5 10. Nde2 b6 11. Qd2 Bb7 12. O-O-O Rc8 13. Bd4 Nxb3+ 14. axb3
Qd7 15. Kb1 Rfd8 16. Nf4 Qf5 17. Rhe1 Bh6 18. g3 Nxd5 19. Ncxd5 Bxd5 20. Bc3
Bxf4 21. gxf4 Rd7 22. Re5 Be6 23. Rxf5 Rxd2 24. Rxd2 Bxf5 25. Bb4 Kf8 26. Kc1
Ke8 27. Bc3 Be6 28. b4 f6 29. Rd4 h5 30. Kd2 Kf7 31. b3 a6 32. Bb2 b5 33. Kd1
h4 34. Rd2 h3 35. Bd4 Rh8 36. f3 Rh5 37. Be3 Bd5 38. Ke2 Ke6 39. Rd4 Rh8 40. c4
Bc6 41. Rd1 1/2-1/2

[Event "17. European Women's Championship 2016"]
[Site "Mamaia ROU"]
[Date "2016.06.07"]
[Round "11.5"]
[White "Zawadzka, Jolanta"]
[Black "Lazarne Vajda, Szidonia"]
[Result "1-0"]
[WhiteElo "2442"]
[BlackElo "2345"]
[PlyCount "114"]
[EventDate "2016.05.27"]
[EventType "swiss"]
[EventRounds "11"]
[EventCountry "ROU"]
[Source "lmi"]
[SourceDate "2016.05.26"]

1. e4 e5 2. Nf3 Nc6 3. Bc4 Bc5 4. c3 Nf6 5. d3 d6 6. O-O O-O 7. a4 a5 8. Na3
Be6 9. Bxe6 fxe6 10. Nc4 Qe8 11. Be3 Bxe3 12. Nxe3 b6 13. Re1 Nh5 14. Rc1 Nf4
15. Rc2 Qh5 16. Nf1 Rf6 17. d4 Raf8 18. Ng3 Qf7 19. Re3 Nh3+ 20. Kh1 g5 21.
dxe5 dxe5 22. gxh3 Rxf3 23. Nf5 Rxf5 24. exf5 exf5 25. Rd2 Qg6 26. Rd7 f4 27.
Qd5+ Kh8 28. Re1 Rc8 29. Qf7 Qxf7 30. Rxf7 Re8 31. h4 gxh4 32. Rxf4 Rd8 33.
Rxh4 Rd2 34. Rc4 Nd8 35. Rxe5 Nf7 36. Re8+ Kg7 37. Rf4 Rd7 38. Kg2 Nd6 39. Re3
Rf7 40. Rxf7+ Kxf7 41. f4 Nc4 42. Re2 c6 43. Kf3 Kf6 44. b3 Nd6 45. Re5 Nb7 46.
Re8 Nc5 47. Rc8 Nxb3 48. Rxc6+ Kf5 49. Rxb6 Nd2+ 50. Ke2 Ne4 51. Rb5+ Kxf4 52.
Rxa5 Nxc3+ 53. Kd3 Nd1 54. Rb5 Nf2+ 55. Kd4 Ng4 56. a5 Nxh2 57. a6 Nf3+ 1-0

[Event "17. European Women's Championship 2016"]
[Site "Mamaia ROU"]
[Date "2016.06.07"]
[Round "11.6"]
[White "Szczepkowska-Horowska, Karina"]
[Black "Goryachkina, Aleksandra"]
[Result "1/2-1/2"]
[WhiteElo "2411"]
[BlackElo "2485"]
[PlyCount "53"]
[EventDate "2016.05.27"]
[EventType "swiss"]
[EventRounds "11"]
[EventCountry "ROU"]
[Source "lmi"]
[SourceDate "2016.05.26"]

1. d4 d5 2. c4 c6 3. Nf3 Nf6 4. Nc3 e6 5. e3 Nbd7 6. Qc2 Bd6 7. Bd3 O-O 8. O-O
dxc4 9. Bxc4 b5 10. Bd3 Bb7 11. a3 a6 12. b4 a5 13. Rb1 axb4 14. axb4 Qe7 15.
e4 e5 16. Ne2 Bxb4 17. Ng3 exd4 18. e5 Nxe5 19. Nxe5 c5 20. Bf4 c4 21. Nf5 Qe6
22. Nxc4 bxc4 23. Qxc4 Ba6 24. Qxe6 fxe6 25. Bxa6 Rxa6 26. Rxb4 exf5 27. Rxd4
1/2-1/2

[Event "17. European Women's Championship 2016"]
[Site "Mamaia ROU"]
[Date "2016.06.07"]
[Round "11.7"]
[White "Atalik, Ekaterina"]
[Black "Socko, Monika"]
[Result "1-0"]
[WhiteElo "2408"]
[BlackElo "2469"]
[PlyCount "131"]
[EventDate "2016.05.27"]
[EventType "swiss"]
[EventRounds "11"]
[EventCountry "ROU"]
[Source "lmi"]
[SourceDate "2016.05.26"]

1. d4 Nf6 2. c4 g6 3. Nc3 d5 4. Nf3 Bg7 5. Bg5 Ne4 6. Bf4 Nxc3 7. bxc3 dxc4 8.
e3 b5 9. Qb1 Bd7 10. a4 c6 11. Ne5 Bxe5 12. Bxe5 O-O 13. Be2 a5 14. h4 Na6 15.
h5 Nc7 16. hxg6 fxg6 17. Qe4 Bf5 18. Qh4 Rf7 19. e4 Bd7 20. Qh6 Ne8 21. g4 Nf6
22. g5 Qe8 23. f3 Be6 24. gxf6 exf6 25. Bd6 Qd8 26. Bc5 b4 27. Kf2 Rb8 28. Rab1
bxc3 29. Rbc1 Rb3 30. Rcg1 g5 31. Rxg5+ fxg5 32. Qxe6 Rb2 33. Rxh7 Qf6 34. Qxf6
Rxf6 35. Rh1 Rh6 36. Rxh6 c2 37. Rh1 Rb1 38. Bxc4+ Kg7 39. Ba3 Rxh1 40. Bf1
Rh2+ 41. Ke1 Rh1 42. Bc1 Kf6 43. Kf2 Rh8 44. e5+ Kf5 45. Bd3+ Ke6 46. Ke3 Rh2
47. Bd2 c5 48. dxc5 Kxe5 49. Bxc2 Kd5 50. Bf5 Kc6 51. Bxa5 Ra2 52. Bd8 Ra3+ 53.
Kf2 Rxa4 54. Be7 Rc4 55. Kg3 Kd5 56. Be4+ Ke6 57. Bf8 Rc1 58. c6 Rg1+ 59. Kf2
Rc1 60. Bg7 Rc5 61. Kg3 Rc1 62. Bd4 Kd6 63. Be3 Rc3 64. Bxg5 Ke5 65. Bf4+ Kd4
66. c7 1-0

[Event "17. European Women's Championship 2016"]
[Site "Mamaia ROU"]
[Date "2016.06.07"]
[Round "11.9"]
[White "Khurtsidze, Nino"]
[Black "Styazhkina, Anna"]
[Result "1-0"]
[WhiteElo "2409"]
[BlackElo "2302"]
[PlyCount "87"]
[EventDate "2016.05.27"]
[EventType "swiss"]
[EventRounds "11"]
[EventCountry "ROU"]
[Source "lmi"]
[SourceDate "2016.05.26"]

1. d4 d5 2. c4 c6 3. cxd5 cxd5 4. Nc3 Nf6 5. Bf4 Nc6 6. e3 Bg4 7. Qb3 Na5 8.
Qa4+ Bd7 9. Qc2 a6 10. Nf3 e6 11. Bd3 Rc8 12. O-O b5 13. a3 Be7 14. Ne5 O-O 15.
Qe2 Bc6 16. a4 b4 17. Nb1 Nb3 18. Ra2 Bb7 19. Bc2 Na5 20. Bd3 Nc4 21. b3 Nxe5
22. Bxe5 a5 23. Rc2 Bd6 24. Rxc8 Bxc8 25. Qc2 h6 26. Nd2 Bxe5 27. dxe5 Nd7 28.
Nf3 Qb6 29. Bb5 Nc5 30. Rc1 Ne4 31. Qc7 Qxc7 32. Rxc7 g5 33. h3 Kg7 34. Nd4 Nc3
35. Bd3 Ne4 36. f3 Nc3 37. Nc6 d4 38. Na7 Rd8 39. Nxc8 Nd5 40. Rc5 dxe3 41. Nd6
f6 42. Rxa5 Nf4 43. Ra7+ Kf8 44. Bh7 1-0

[Event "17. European Women's Championship 2016"]
[Site "Mamaia ROU"]
[Date "2016.06.07"]
[Round "11.10"]
[White "Hoolt, Sarah"]
[Black "Girya, Olga"]
[Result "0-1"]
[WhiteElo "2312"]
[BlackElo "2443"]
[PlyCount "76"]
[EventDate "2016.05.27"]
[EventType "swiss"]
[EventRounds "11"]
[EventCountry "ROU"]
[Source "lmi"]
[SourceDate "2016.05.26"]

1. e4 c6 2. d4 d5 3. e5 Bf5 4. Nc3 e6 5. g4 Bg6 6. Nge2 c5 7. h4 h5 8. Nf4 Bh7
9. Nxh5 Nc6 10. dxc5 Bxc5 11. Bg2 Kf8 12. Bf4 Bg6 13. Bg3 Bxh5 14. gxh5 Nge7
15. Bh3 Bd4 16. Qf3 Kg8 17. O-O-O Nxe5 18. Qe2 Bxc3 19. Bxe5 Bxe5 20. Qxe5 Nc6
21. Qg5 Qxg5+ 22. hxg5 Rxh5 23. g6 Rh6 24. gxf7+ Kxf7 25. c4 dxc4 26. Rd7+ Kf6
27. Bg2 Rxh1+ 28. Bxh1 Ne5 29. Bxb7 Nxd7 30. Bxa8 Ke5 31. Kc2 Kd4 32. b4 cxb3+
33. axb3 Nc5 34. Bc6 Nd3 35. Bd7 e5 36. b4 Nxf2 37. Bb5 Ne4 38. Kb3 g5 0-1

[Event "17. European Women's Championship 2016"]
[Site "Mamaia ROU"]
[Date "2016.06.07"]
[Round "11.11"]
[White "Gaponenko, Inna"]
[Black "Khukhashvili, Sopiko"]
[Result "0-1"]
[WhiteElo "2415"]
[BlackElo "2355"]
[PlyCount "82"]
[EventDate "2016.05.27"]
[EventType "swiss"]
[EventRounds "11"]
[EventCountry "ROU"]
[Source "lmi"]
[SourceDate "2016.05.26"]

1. e4 c6 2. d4 d5 3. Nc3 dxe4 4. Nxe4 Bf5 5. Ng3 Bg6 6. h4 h6 7. Nf3 e6 8. Ne5
Bh7 9. Bd3 Bxd3 10. Qxd3 Nd7 11. f4 Be7 12. Bd2 Nxe5 13. fxe5 Qd5 14. c4 Qd7
15. O-O-O O-O-O 16. Be3 Kb8 17. Qe2 f5 18. Qf2 Rf8 19. Ne2 f4 20. Bxf4 h5 21.
Qg3 Nh6 22. Bxh6 gxh6 23. Qe3 Rhg8 24. g3 Rg4 25. Nf4 Rf5 26. Rhf1 Qc8 27. Rf3
b6 28. Kb1 Qa6 29. b3 Qc8 30. d5 Bc5 31. Qe2 cxd5 32. cxd5 exd5 33. Nxd5 Qe6
34. Nf6 Rd4 35. Rxd4 Bxd4 36. Rxf5 Qxf5+ 37. Kc1 Kb7 38. Qxh5 Be3+ 39. Kb2 Qf2+
40. Ka3 Bc1+ 41. Ka4 Qc5 0-1

[Event "17. European Women's Championship 2016"]
[Site "Mamaia ROU"]
[Date "2016.06.07"]
[Round "11.12"]
[White "Kursova, Maria"]
[Black "Melia, Salome"]
[Result "0-1"]
[WhiteElo "2319"]
[BlackElo "2409"]
[PlyCount "84"]
[EventDate "2016.05.27"]
[EventType "swiss"]
[EventRounds "11"]
[EventCountry "ROU"]
[Source "lmi"]
[SourceDate "2016.05.26"]

1. d4 g6 2. Nf3 Bg7 3. c4 c5 4. e4 d6 5. dxc5 Nf6 6. Nc3 Qa5 7. Bd3 dxc5 8. h3
Nc6 9. O-O O-O 10. Bg5 h6 11. Bd2 Nd7 12. Qe2 Nd4 13. Nxd4 cxd4 14. Nd1 Qc7 15.
f4 Nc5 16. Nf2 Nxd3 17. Qxd3 b6 18. b3 Bb7 19. Rae1 Qc6 20. Re2 a6 21. a4 Rfc8
22. Bb4 Re8 23. Ng4 Rad8 24. f5 h5 25. Nh2 Bh6 26. Bd2 Bxd2 27. Qxd2 d3 28.
Ref2 Qxe4 29. Nf3 Rd6 30. Re1 Qc6 31. Ne5 Qc5 32. Kh1 Bc8 33. b4 Qc7 34. fxg6
fxg6 35. Qg5 Re6 36. Rf5 d2 37. Rd1 Rd8 38. Rxd2 Rxd2 39. Qxd2 gxf5 40. Qg5+
Kf8 41. Qxf5+ Rf6 42. Qxh5 Be6 0-1

[Event "17. European Women's Championship 2016"]
[Site "Mamaia ROU"]
[Date "2016.06.07"]
[Round "11.13"]
[White "Foisor, Cristina-Adela"]
[Black "Peptan, Corina-Isabela"]
[Result "1/2-1/2"]
[WhiteElo "2322"]
[BlackElo "2402"]
[PlyCount "157"]
[EventDate "2016.05.27"]
[EventType "swiss"]
[EventRounds "11"]
[EventCountry "ROU"]
[Source "lmi"]
[SourceDate "2016.05.26"]

1. d4 Nf6 2. Nf3 e6 3. e3 c5 4. Bd3 Nc6 5. O-O cxd4 6. exd4 Be7 7. c3 b6 8. Re1
Bb7 9. Nbd2 Qc7 10. Qe2 O-O 11. Nf1 Rfe8 12. Ng3 h6 13. Bd2 Bf8 14. Rac1 Rac8
15. Bb1 d6 16. Qd3 Nb8 17. c4 Nbd7 18. Nh5 Qb8 19. Bc3 Bxf3 20. gxf3 d5 21.
cxd5 exd5 22. Kh1 Rxe1+ 23. Rxe1 g6 24. Nxf6+ Nxf6 25. Bd2 Re8 26. Rg1 Bg7 27.
Be3 Qd6 28. Qd2 Kh7 29. Bd3 Nh5 30. Rc1 Qd7 31. Kg2 Rc8 32. Rc3 Bf8 33. Qc1
Rxc3 34. bxc3 b5 35. h3 a6 36. Bc2 Qd6 37. a4 b4 38. cxb4 Qxb4 39. Qd2 Qc4 40.
Qd3 Qc6 41. Bb3 Bb4 42. Qc2 Qxc2 43. Bxc2 Kg7 44. Bb3 g5 45. h4 Kg6 46. Bxd5
Nf4+ 47. Bxf4 gxf4 48. Bc6 a5 49. d5 Kf6 50. Kh3 Bc5 51. Kg4 Bd6 52. Kh5 Kg7
53. Bd7 Bc7 54. Be8 Bd6 55. Bb5 Bc7 56. Bd3 Bd6 57. Bc2 Bc7 58. Bb3 Bd6 59. Kg4
Kf6 60. Bc4 Bc7 61. Bb5 Bd6 62. Be8 Bc7 63. Kh3 Bd6 64. Kg2 Ke7 65. Bc6 Bc5 66.
Kf1 Kd6 67. Ke2 Ke5 68. Kd3 Bxf2 69. h5 Bc5 70. Kc4 Bb4 71. Be8 f6 72. Bf7 Kd6
73. Kd4 f5 74. Be6 Bc5+ 75. Kc4 Bb4 76. Bxf5 Ke5 77. Be6 Be7 78. Bg8 Bb4 79.
Bh7 1/2-1/2